Personnages JoJo - Phantom Blood - Statistiques

Statistiques générales
  • Ce quiz a été pris 106 fois
  • Le résultat moyen est 9 sur 16
Statistiques - réponses
Par images Réponse % Correct
Dio Brando
100%
Jonathan Joestar
99%
Robert E. O. Speedwagon
94%
William Antonio Zeppeli
83%
Erina Pendleton
80%
George Joestar
70%
Danny
64%
Dario Brando
64%
Straizo
41%
Poco
35%
Bruford
34%
Tarkus
31%
Dire
24%
Jack L'Eventreur
23%
Tonpetty
20%
Wang Chan
15%
Aucun quiz correspondant
Distribution des résultats
% des personnes avec chaque résultat
Percentile par nombre de réponses
Votre historique - résultats
Vous n’avez pas pris ce quiz